The Evolving Terrorist Threat t Southeast Asia (Record no. 393)
[ view plain ]
| 000 -LEADER | |
|---|---|
| fixed length control field | 00320 a2200109 4500 |
| 020 ## - INTERNATIONAL STANDARD BOOK NUMBER | |
| International Standard Book Number | 9780833046581 |
| 082 ## - DEWEY DECIMAL CLASSIFICATION NUMBER | |
| Classification number | 363.3250959 CHA |
| 100 ## - MAIN ENTRY--PERSONAL NAME | |
| Personal name | Chalk, Peter |
| 245 ## - TITLE STATEMENT | |
| Title | The Evolving Terrorist Threat t Southeast Asia |
| Statement of responsibility, etc. | Peter chalk |
| 260 ## - PUBLICATION, DISTRIBUTION, ETC. | |
| Place of publication, distribution, etc. | Santa Monica : |
| Name of publisher, distributor, etc. | Rand Corporation, |
| Date of publication, distribution, etc. | 2009 |
| 300 ## - PHYSICAL DESCRIPTION | |
| Extent | xxv,238p. : |
| Other physical details | ill ., ; |
| Dimensions | 24 cm |
| 650 ## - SUBJECT ADDED ENTRY--TOPICAL TERM | |
| Topical term or geographic name entry element | Terrorism |
| Withdrawn status | Lost status | Damaged status | Not for loan | Permanent Location | Current Location | Shelving location | Date acquired | Total Checkouts | Full call number | Barcode | Date last seen | Price effective from | Koha item type |
|---|---|---|---|---|---|---|---|---|---|---|---|---|---|
| School of Civil and Environmental Engineering (SCEE) | School of Civil and Environmental Engineering (SCEE) | 363.3250959 CHA | NIT-6427 | 01/05/2017 | 01/05/2017 | Book |
